Neolithic Pits, Late Bronze Age/Early Iron Age Pit Alignments and Iron Age to Roman Settlements at Wollaston Quarry, Northamptonshire
محفوظ في:
المؤلف الرئيسي:
التنسيق: كتاب
اللغة: Undetermined
الوصول للمادة أونلاين: Login to view Source
الوسوم: إضافة وسم
لا توجد وسوم, كن أول من يضع وسما على هذه التسجيلة!
رقم الطلب:
| LEADER | 00523nmm a2200133Ia 4500 | ||
|---|---|---|---|
| 008 | 240716s9999||||xx |||||||||||||||||und|| | ||
| 020 | |a 9781803277516 | ||
| 020 | |a 9781803277523 | ||
| 100 | |a Rob Atkins | ||
| 245 | 1 | 0 | |a Neolithic Pits, Late Bronze Age/Early Iron Age Pit Alignments and Iron Age to Roman Settlements at Wollaston Quarry, Northamptonshire |c Rob Atkins |
| 264 | |b Archaeopress Archaeology |c 4-أبريل-24 | ||
| 856 | 4 | 0 | |u http://library.arce.org:8087/Archaeopress/Products/9781803277516 |
| 942 | |2 lcc |c EBOOK | ||
| 999 | |c 58945 |d 58945 | ||
